| Tag |
First Indicator |
Second Indicator |
Subfields |
| LEADER |
00000cam a2200000 4500 |
| 001 |
in00000338821 |
| 005 |
20190725105712.0 |
| 008 |
770427s1920 enkab 00110 engm |
| 010 |
|
|
|a 20022471
|
| 035 |
|
|
|a (OCoLC)02920117
|
| 035 |
|
|
|9 ABL5310AM
|
| 040 |
|
|
|a DLC
|c TXA
|d TXA
|d UtOrBLW
|
| 049 |
|
|
|a TXAM
|c 1 [1164902]
|a TXAS [mil]
|c 2
|
| 050 |
0 |
0 |
|a D581
|b .J36
|
| 100 |
1 |
|
|a Jellicoe, John Rushworth,
|d 1859-1935.
|
| 245 |
1 |
4 |
|a The crisis of the naval war /
|c by Viscount Jellicoe.
|
| 264 |
|
1 |
|a London ;
|a New York :
|b Cassell,
|c 1920.
|
| 300 |
|
|
|a xii, 331 pages :
|b illustrations, folded maps ;
|c 24 cm.
|
| 336 |
|
|
|a text
|b txt
|2 rdacontent
|
| 337 |
|
|
|a unmediated
|b n
|2 rdamedia
|
| 338 |
|
|
|a volume
|b nc
|2 rdacarrier
|
| 500 |
|
|
|a Six folded maps in pocket.
|
| 500 |
|
|
|a Includes index.
|
| 650 |
|
0 |
|a World War, 1914-1918
|x Naval operations
|x Submarine.
|
| 610 |
2 |
0 |
|a Great Britain.
|b Royal Navy.
|
| 999 |
|
|
|a MARS
|
| 999 |
f |
f |
|s 70935d3f-bce4-37cf-8bdb-4378791a4308
|i 6bd3b54e-e270-341b-809b-89cab8388511
|t 0
|
| 952 |
f |
f |
|p noncirc
|a Texas A&M University
|b College Station
|c Cushing Memorial Library & Archives
|s cush mil
|d Cushing: Ragan Military (Does not check out)
|t 0
|e D581 .J36
|h Library of Congress classification
|i unmediated -- volume
|m A14852138735
|
| 998 |
f |
f |
|a D581 .J36
|t 0
|l Cushing: Ragan Military (Does not check out)
|